Use of DEA Model for Calculating Better Line Index and Its Impact on Economic Policy in Slovakia

Alternatívne meranie ekonomického vývoja porovnané s výsledkami neparametrického merania (CCR model obaľovania dát). Krížová kontrola výsledkov meraní v rámci krajín OECD.

Salvato in:
Dettagli Bibliografici
Autore principale: Vondrová, Andrea, 1987-
Altri autori: Valach, Matej
Natura: Capitolo di libro
Lingua:inglese
Soggetti:
Tags: Aggiungi Tag
Nessun Tag, puoi essere il primo ad aggiungerne!!

MARC

LEADER 00000naa$a2200000$$$4500
001 0195179
005 20240502083453.6
041 0 |a eng 
044 |a PL 
245 1 0 |a Use of DEA Model for Calculating Better Line Index and Its Impact on Economic Policy in Slovakia  |c Andrea Vondrová, Matej Valach 
520 |a Alternatívne meranie ekonomického vývoja porovnané s výsledkami neparametrického merania (CCR model obaľovania dát). Krížová kontrola výsledkov meraní v rámci krajín OECD. 
610 2 0 |a modely rastu 
610 2 0 |a rast hospodársky 
610 2 0 |a analýza obaľovania dát 
610 2 0 |a indexy 
610 2 0 |a indexy objemové 
100 1 |a Vondrová, Andrea, 1987- 
700 1 |a Valach, Matej